| 000 | 00333nam a2200121Ia 4500 | ||
|---|---|---|---|
| 008 | 190216s9999||||xx |||||||||||||| ||und|| | ||
| 100 | _aParimala R | ||
| 245 | 0 | _aAlgebra Arithamatic&Geometry Mumbai 2000-P-1-Proceedings Of International Course | |
| 260 | _bNarosa Pubs House | ||
| 300 | _a326 | ||
| 650 | _aMathematics | ||
| 942 | _cBK | ||
| 999 |
_c32008 _d32008 |
||